Application of Ground Penetrating Radar in the Assessment of Aged Roads Focus On Complex Structures Under Different Weather Conditions /

Ground penetrating radar (GPR) has been widely used to assess asphalt and pavement, especially in quality testing for newly constructed roads. However, its usage has been limited in regard to aged roads. Thus, this study focuses on the applicability of GPR to extract diverse information regarding st...

Teljes leírás

Elmentve itt :
Bibliográfiai részletek
Szerzők: Abdelsamei Enas
Sheishah Diaa Elsayed Hamed Abdallah Hamed
Runa Boglárka
Balogh Olivér
Tóth Csaba
Primusz Péter
Trenka Sándor
Van Leeuwen Boudewijn
Tobak Zalán
Páll Dávid Gergely
Sipos György
Dokumentumtípus: Cikk
Megjelent: 2024
Sorozat:PURE AND APPLIED GEOPHYSICS 181 No. 12
Tárgyszavak:
doi:10.1007/s00024-024-03604-y

mtmt:35594972
Online Access:http://publicatio.bibl.u-szeged.hu/35518
LEADER 02892nab a2200349 i 4500
001 publ35518
005 20250115105431.0
008 250115s2024 hu o 000 eng d
022 |a 0033-4553 
024 7 |a 10.1007/s00024-024-03604-y  |2 doi 
024 7 |a 35594972  |2 mtmt 
040 |a SZTE Publicatio Repozitórium  |b hun 
041 |a eng 
100 1 |a Abdelsamei Enas 
245 1 0 |a Application of Ground Penetrating Radar in the Assessment of Aged Roads  |h [elektronikus dokumentum] :  |b Focus On Complex Structures Under Different Weather Conditions /  |c  Abdelsamei Enas 
260 |c 2024 
300 |a 19 
300 |a 3633-3651 
490 0 |a PURE AND APPLIED GEOPHYSICS  |v 181 No. 12 
520 3 |a Ground penetrating radar (GPR) has been widely used to assess asphalt and pavement, especially in quality testing for newly constructed roads. However, its usage has been limited in regard to aged roads. Thus, this study focuses on the applicability of GPR to extract diverse information regarding structure, thickness, and various conditions, including the moisture content of an aged road section that has undergone repeated renewals. First, two methods were employed to calculate the thickness and dielectric values; the reflection amplitude and ground truth methods. The analysis was done by RADAN 7 software. Based on the findings, the average error of thickness on the same day between continuous GPR and the core data were 2.87% and 8.72%, respectively. Second, dielectric analysis of three structural units was performed under different moisture conditions. As a result, the average dielectric values of macadam (3, 3.3, and 4), surface asphalt layer (4, 7.06, and 8.31), and cement-treated base (4.83, 10.88, and 11.88) were determined under dry, medium-wet, and wet conditions, respectively. The volumetric water difference ( f ) within the pavement was also estimated. As for the asphalt, macadam, and cement-treated base, the difference in the volume fraction of water ( f ) was 0.06, 0.01, and 0.1, respectively, under dry and wet conditions, and 0.04, 0.004, and 0.09, respectively, under dry and medium-wet conditions. Overall, the findings demonstrate that reasonably accurate assessments of the pavement thickness, structure, dielectric values, and amplitude of aged roads can be achieved by using a GPR survey under various conditions. 
650 4 |a Föld- és kapcsolódó környezettudományok 
700 0 1 |a Sheishah Diaa Elsayed Hamed Abdallah Hamed  |e aut 
700 0 1 |a Runa Boglárka  |e aut 
700 0 1 |a Balogh Olivér  |e aut 
700 0 1 |a Tóth Csaba  |e aut 
700 0 1 |a Primusz Péter  |e aut 
700 0 1 |a Trenka Sándor  |e aut 
700 0 2 |a Van Leeuwen Boudewijn  |e aut 
700 0 2 |a Tobak Zalán  |e aut 
700 0 2 |a Páll Dávid Gergely  |e aut 
700 0 2 |a Sipos György  |e aut 
856 4 0 |u http://publicatio.bibl.u-szeged.hu/35518/1/s00024-024-03604-y.pdf  |z Dokumentum-elérés